Podnik svetovej triedy a zmeny na svetových trhoch

Zmeny vo svetovej ekonomike, globalizácia svetovej ekonomiky. Črtajúce sa tri dominantné ekonomické zoskupenia: európske s dominanciou Európskej únie, severoamerické s vedúcou pozíciou USA a tichooceánske s vedúcim Japonskom. Namiesto makroekonomiky jedného štátu sa stáva rozhodujúcim faktorom ekono...

Descripción completa

Guardado en:
Detalles Bibliográficos
Autor principal: Kassay, Štefan
Formato: Capítulo de libro
Lenguaje:eslovaco
Materias:
Etiquetas: Agregar Etiqueta
Sin Etiquetas, Sea el primero en etiquetar este registro!

MARC

LEADER 00000naa a2200000 4500
001 r045555
005 20230825103709.4
041 0 |a slo 
044 |a SK 
245 1 0 |a Podnik svetovej triedy a zmeny na svetových trhoch  |c Štefan Kassay 
520 |a Zmeny vo svetovej ekonomike, globalizácia svetovej ekonomiky. Črtajúce sa tri dominantné ekonomické zoskupenia: európske s dominanciou Európskej únie, severoamerické s vedúcou pozíciou USA a tichooceánske s vedúcim Japonskom. Namiesto makroekonomiky jedného štátu sa stáva rozhodujúcim faktorom ekonomika svetová. Ekonomika priamych produktov. Súvislosť medzi spracovateľskou výrobou a spotrebou. Prechod od "reálnej" k "symbolickej" ekonomike. Zintenzívňovanie globalizácie. Zmeny alokačných kritérií pri vývoze kapitálu. Integrácia krajín strednej a východnej Európy do EÚ. 
610 2 0 |a hospodárstvo svetové 
610 2 0 |a trh svetový 
610 2 0 |a firmy 
610 2 0 |a prostredie ekonomické 
610 2 0 |a zmeny štruktúrne 
610 2 0 |a globalizácia 
610 2 0 |a zoskupenia integračné medzinárodné 
610 2 0 |a vývoj hospodársky 
610 2 0 |a integrácia ekonomická medzinárodná 
100 1 |a Kassay, Štefan